Qué es la documentación?/ (Registro nro. 39722)

Detalles MARC
000 -LEADER
campo de control de longitud fija 01622aam a2200385 i 4500
001 - NÚMERO DE CONTROL
campo de control MOR01000039745
005 - FECHA Y HORA DE LA ÚLTIMA TRANSACCIÓN
campo de control 20260331112617.0
007 - CAMPO FIJO DE DESCRIPCIÓN FÍSICA--INFORMACIÓN GENERAL
campo de control de longitud fija ta
008 - DATOS DE LONGITUD FIJA--INFORMACIÓN GENERAL
campo de control de longitud fija 911023s1960 ag g i 000 0 spa d
035 ## - NÚMERO DE CONTROL DEL SISTEMA
Número de control de sistema 913412
040 ## - FUENTE DE CATALOGACIÓN
Centro catalogador/agencia de origen mxcmmo
Lengua de catalogación spa
Normas de descripción rda
Centro/agencia transcriptor mxcmmo
041 0# - CÓDIGO DE IDIOMA
Código de lengua del texto/banda sonora o título independiente spa
082 04 - NÚMERO DE LA CLASIFICACIÓN DECIMAL DEWEY
Número de clasificación 025
Número de ítem BRI.q
100 1# - ENTRADA PRINCIPAL--NOMBRE DE PERSONA
Nombre de persona Briet, Suzanne
Término indicativo de función/relación autor
9 (RLIN) 73730
245 10 - MENCIÓN DEL TÍTULO
Título Qué es la documentación?/
Mención de responsabilidad, etc. Suzanne Briet ; pról. de Juan Manuel Peralta Pino
264 #1 - PRODUCCIÓN, PUBLICACIÓN, DISTRIBUCIÓN, FABRICACIÓN Y COPYRIGHT
Producción, publicación, distribución, fabricación y copyright Santa Fe, Argentina :
Nombre del de productor, editor, distribuidor, fabricante Universidad Nacional del Litoral, Facultad de Ciencias Jurídicas y Sociales, Departamento de Extensión Universitaria,
Fecha de producción, publicación, distribución, fabricación o copyright 1960.
300 ## - DESCRIPCIÓN FÍSICA
Extensión 59 páginas;
Dimensiones 25 cm
336 ## - TIPO DE CONTENIDO
Término de tipo de contenido texto
Código de tipo de contenido txt
Fuente rdacontent
337 ## - TIPO DE MEDIO
Nombre/término del tipo de medio sin medio
Código del tipo de medio n
Fuente rdamedia
338 ## - TIPO DE SOPORTE
Nombre/término del tipo de soporte volumen
Código del tipo de soporte nc
Fuente rdacarrier
650 #7 - PUNTO DE ACCESO ADICIONAL DE MATERIA--TÉRMINO DE MATERIA
Término de materia o nombre geográfico como elemento de entrada Documentación
Subdivisión general Alocuciones, ensayos, conferencias
9 (RLIN) 69280
700 1# - ENTRADA AGREGADA--NOMBRE PERSONAL
Nombre de persona Peralta Pino, Juan Manuel
Término indicativo de función/relación prologuista
9 (RLIN) 73731
710 2# - ENTRADA AGREGADA--NOMBRE DE ENTIDAD CORPORATIVA
Nombre de entidad corporativa o nombre de jurisdicción como elemento de entrada Universidad Nacional del Litoral (Santa Fe, Argentina)
Unidad subordinada Departamento de Extension Universitaria
9 (RLIN) 73732
710 2# - ENTRADA AGREGADA--NOMBRE DE ENTIDAD CORPORATIVA
Nombre de entidad corporativa o nombre de jurisdicción como elemento de entrada Universidad Nacional del Litoral (Santa Fe, Argentina)
Unidad subordinada Facultad de Ciencias Juridicas y Sociales
9 (RLIN) 73733
810 20 - PUNTO DE ACCESO ADICIONAL DE SERIE--NOMBRE DE ENTIDAD CORPORATIVA
Nombre de entidad corporativa o nombre de jurisdicción como elemento de entrada Universidad Nacional del Litoral (Santa Fe, Argentina)
Unidad subordinada Facultad de Ciencias Juridicas y Sociales
Título de la obra Cuaderno
Designación de volumen o secuencia 2
9 (RLIN) 73734
900 ## - ELEMENTOS DE DATOS A LOCAL, LDA (RLIN)
Nombre de persona ALEPH14
Numeración 10
Títulos y otros términos asociados al nombre 20061103
Lenguaje de la obra MOR01
-- 1046
900 ## - ELEMENTOS DE DATOS A LOCAL, LDA (RLIN)
Nombre de persona BATCH-UPD
Numeración 00
Títulos y otros términos asociados al nombre 20120323
Lenguaje de la obra MOR01
-- 1738
900 ## - ELEMENTOS DE DATOS A LOCAL, LDA (RLIN)
Nombre de persona BATCH-UPD
Numeración 40
Títulos y otros términos asociados al nombre 20120321
Lenguaje de la obra MOR01
-- 1657
900 ## - ELEMENTOS DE DATOS A LOCAL, LDA (RLIN)
Nombre de persona BATCH
Numeración 00
Títulos y otros términos asociados al nombre 20120322
Lenguaje de la obra MOR01
-- 1720
900 ## - ELEMENTOS DE DATOS A LOCAL, LDA (RLIN)
Nombre de persona DYNIX
Numeración 00
Títulos y otros términos asociados al nombre 20030304
Lenguaje de la obra MOR01
-- 1719
900 ## - ELEMENTOS DE DATOS A LOCAL, LDA (RLIN)
Nombre de persona VOBO
Numeración 40
Títulos y otros términos asociados al nombre 20090312
Lenguaje de la obra MOR01
-- 1255
904 ## - ELEMENTOS DE DATOS D LOCAL, LDD (RLIN)
a UPDATE
942 ## - ELEMENTOS DE ENTRADA SECUNDARIOS (KOHA)
Código de la institución [OBSOLETO] BK
901 ## - ELEMENTOS DE DATOS A LOCAL LDA (RLIN)
a batch batch
Existencias
Estatus retirado Estado de pérdida Fuente del sistema de clasificación o colocación Estado de daño No para préstamo Colección Biblioteca de origen Biblioteca actual Ubicación en estantería Fecha de adquisición Número de inventario Total de préstamos Signatura topográfica completa Código de barras Visto por última vez Precio de reemplazo Tipo de ítem Koha
    Clasificación Decimal Dewey     Libros (General) Biblioteca Instituto Mora Biblioteca Instituto Mora Regular 21/06/1994 063531   (G)/025 BRI.q 33291000003026 03/09/2024 03/09/2024 Libro préstamo regular